000 00377nam a2200145Ia 4500
008 090122s9999 xx 000 0 und d
082 _b6763
_aO111:B
100 _aBhanot
_bT
_cR
245 _aChildren's Picture word book 4
600 _aBhanot
630 _aChildren's Picture word book 4
700 _aBhanot
730 _aChildren's Picture word book 4
942 _cBOOK
999 _c30840
_d30840